| 000 | 01035cam a2200277 i 4500 | ||
|---|---|---|---|
| 005 | 20160107065224.0 | ||
| 008 | 890621s1979 ck abf r 00110 spa d | ||
| 020 | _a8489200033 | ||
| 040 |
_aCO-BoBLA _cCO-BoBLA _dCO-BoIAVH |
||
| 041 | 0 | _aspa | |
| 043 | _as-ck--- | ||
| 044 | _ack | ||
| 082 | 0 | 4 |
_a591.9861 _bP89g |
| 100 | 1 |
_aPrahl, Henry Von, _d1948-1989 |
|
| 245 | 1 | 0 |
_aGorgona / _cpor Henry von Prahl, Felipe Guhl, Max Grogl ; colaboradores Federico Medem ... [et. al.]. |
| 260 |
_aBogotá : _bUniversidad de los Andes, _c1979. |
||
| 300 |
_a279 páginas : _bilustraciones, láminas y mapas ; _c22 cm. |
||
| 504 | _aIncluye referencias bibliográficas. | ||
| 650 |
_aZoología _z Gorgona (Isla, Colombia) |
||
| 650 | 6 |
_aFauna de islas _z Gorgona (Isla, Colombia) |
|
| 650 | 6 |
_aCrustáceos _xZoología _zGorgona (Isla, Colombia) |
|
| 700 | 1 |
_aGuhl Nannetti, Felipe. _eautor |
|
| 700 | 1 |
_aGrogl, Max, _d1948- _eautor |
|
| 700 | 1 | _aMedem, Federico. | |
| 942 |
_2ddc _cLIBRO |
||
| 999 |
_c6835 _d6835 |
||